00311nam a2200121Ia 4500008004100000041000800041082001400049100001900063245002900082260004100111300003000152365000700182240624s9999 xx 000 0 und d aeng a658.3 WEI aWEIGHTMAN JANE aMANAGING HUMAN RESOURCES c2003aMumbaibJaico Publishing House aix, : 174 : p. : cm. ; 22 cRS